04171cam a2200385Ii 4500003000600000005001700006008004100023020001800064020001500082020001500097020001800112041001200130072001600142072002300158072001500181082002000196245017100216300006800387504005100455505180900506506005102315520107402366650002003440650003903460650002003499650002303519700002203542700003603564700002403600700001203624700001203636700001903648856009603667856002203763OCoLC20240806102002.0210504s2021 sz a ob 001 0 eng d a9783030665876 a3030665879 z3030665860 z9783030665869 aEnglish 7aPST2bicssc 7aSCI0110002bisacsh 7aPST2thema04a571.82223bMOH00aPlant growth-promoting microbes for sustainable biotic and abiotic stress management /cHeba I. Mohamed, Hossam El-Din Saad El-Beltagi, Kamel A. Abd-Elsalam, editors. a1 online resource (xv, 672 pages) :billustrations (some color) aIncludes bibliographical references and index.0 aCyanobacteria and algae as biocontrol agents against fungal and bacterial plant pathogens -- Plant Growth Promoting Rhizobacteria in Amelioration of Abiotic Stresses: A Functional Interplay and Prospective -- Seaweeds as indicators and potential remediators of metal pollution -- Role of microorganisms in managing soil fertility and plant nutrition in sustainable agriculture -- Role of endophytic bacteria in alleviation of heavy metals from an ecosystem -- Microbial enzymes and soil health -- Pseudomonas as plant growth promoting bacteria and its role in alleviation abiotic stress -- Plant growth promoting Rhizobacteria (PGPR) as biocontrol agents against viral protection -- Potential Role of Endophytes in Weeds and Herbicide Tolerance in Plants -- The auspicious role of promoting plant growth of rhizobacteria in the sustainable management of plant diseases -- Microbial bioactive compounds produced by bacteria and fungi and uses in plant health -- Biosynthesis of Nanoparticles by Microorganisms and Applications in Plant Stress Control -- Nano-enabled approaches for the suitable delivery of fertilizer and pesticide for plant growth -- Production of plant hormones from algae and its relation to plant growth -- Role of Trichoderma in agriculture and disease management -- Production of antibiotics from plant growth promoting bacteria and their role in biocontrol of plant diseases -- Role of Phosphate-Solubilising Microorganisms in Agricultural Development -- Cyanobacteria as biofertilizer and its effect under biotic stress -- Microorganism: A potent biological tool to combat Insects and herbivores -- Eco-friendly approaches for the alleviation of root-knot nematodes -- Rhizosphere, Rhizosphere Biology and Rhizospheric Engineering -- Microbial enzymes and role in phytoremidation. aAccess restricted to subscribing institutions. aAbiotic and biotic stress factors including drought, salinity, waterlog, temperature extremes, mineral nutrients, heavy metals, plant diseases, nematodes, viruses, and diseases, adversely affect growth as well as yield of crop plants worldwide. Plant growth promoting microorganisms (PGPM) are receiving increasing attention from agronomists and environmentalists as candidates to develop an effective, eco-friendly, and sustainable alternative to conventional agricultural (e.g., chemical fertilizers and pesticide) and remediation (e.g., chelators-enhanced phytoremediation) methods employed to deal with climate change-induced stresses. Recent studies have shown that plant growth promoting bacteria (PGPB), rhizobia, arbuscular mycorrhizal fungi (AMF), cyanobacteria have great potentials in the management of various agricultural and environmental problems. Our intention for this book is to provide up-to-date knowledge of biofertilizer and the roles of microorganisms in plant health, with specific emphasis on the mitigating strategies to combat plant stresses. 0aGrowth (Plants) 0aPlant growth promoting substances. 0aMicroorganisms. 0xMolecular aspects.1 aMohamed, Heba I.,1 aEl-Beltagi, Hossam El-Din Saad,1 aAbd-Elsalam, Kamel,1 eeditor.1 eeditor.1 d1969-eeditor.40uhttps://ezproxy.lib.gla.ac.uk/login?url=https://link.springer.com/10.1007/978-3-030-66587-640zConnect to e-book